LEADER 01148nam a2200265 a 4500 001 000000142671 003 CaOOAMICUS 005 20150409110831.0 008 150409s1982 it abd u000 u ita r 040 $aPUL$bita 100 1 $aPinto, Giuliano.$0(OLS)http://pul/name/22991 245 13$aLa Toscana nel tardo Medioevo :$bambiente, economia rurale, società /$cGiuliano Pinto. 260 $aFirenze :$bSansoni,$c©1982. 300 $aVI, 502 p. :$bill., c. geogr., grafici ;$c21 cm 490 1 $aNuovi saggi 504 $aBibliografia in nota. 651 4$aToscana$xStoria$yEvo medio.$0(OLS)http://pul/subject/24504 830 0$aNuovi saggi (Sansoni).$0(OLS)http://pul/title/57991 850 $aPUL 852 $aPUL$W1$xDP1 Fondo Capitani$y116$m10 G 32$j65110$qFondi$B164802$CPULBib$Z2$F164802 $HCap55 $82 941 1 $a1 961 $aNota ms. di possesso: Capitani. 961 $aInclusa bolla del libro, omaggio della Sansoni. 996 $6245$aLa Toscana nel tardo Medioevo :$bambiente, economia rurale, società$9(OLS)http://pul/title/180611 996 $6260$aFirenze :$bSansoni$9(OLS)http://pul/publisher/47896 LEADER 00934nam a2200253 a 4500 001 000000154334 003 CaOOAMICUS 005 20160927143233.0 008 160927s1945 it u000 u ita u 032 $aLibriCat 040 $aPUL$bita 100 1 $aCicu, Antonio,$d1879-1962.$0(OLS)http://pul/name/2813 245 13$aLe successioni :$bparte generale /$cAntonio Cicu. 250 $aTerza edizione riveduta. 260 $aMilano :$bGiuffrè,$c1945. 300 $a279 p. ;$c25 cm. 500 $aTesto dattiloscritto. 650 4$aSuccessione (diritto).$0(OLS)http://pul/subject/1242 850 $aPUL 852 $aPUL$W1$xDP1 Fondo G. Barberini$y122$m4 F 62$j177396$qFondi$B180367$CPULBib$Z2$F180367 $HBar1382 $81 941 1 $a1 996 $6245$aLe successioni :$bparte generale$9(OLS)http://pul/title/55330 996 $6260$aMilano :$bGiuffrè$9(OLS)http://pul/publisher/48401